<?xml version="1.0" encoding="UTF-8"?><collection xmlns="info:lc/xmlns/marcxchange-v2"><record format="Unimarc" type="bibliographic"><leader>00817cam  22002411  450 </leader><controlfield tag="001">1716222</controlfield><controlfield tag="003">http://id.bnportugal.gov.pt/bib/porbase/1716222</controlfield><controlfield tag="005">20030629071700.0</controlfield><datafield ind1=" " ind2=" " tag="010"><subfield code="a">0-945802-01-3</subfield></datafield><datafield ind1=" " ind2=" " tag="035"><subfield code="9">85585</subfield></datafield><datafield ind1=" " ind2=" " tag="095"><subfield code="a">PTBN00997791</subfield></datafield><datafield ind1=" " ind2=" " tag="100"><subfield code="a">19950206d1988    k  y0pory0103    ba</subfield></datafield><datafield ind1="0" ind2=" " tag="101"><subfield code="a">eng</subfield></datafield><datafield ind1=" " ind2=" " tag="102"><subfield code="a">US</subfield></datafield><datafield ind1="1" ind2=" " tag="200"><subfield code="a">Africa and the renaissance</subfield><subfield code="e">art in Ivory</subfield><subfield code="f">Ezio Bassani and William B. Fagg</subfield><subfield code="g">edited by Susan Vogel</subfield></datafield><datafield ind1=" " ind2=" " tag="210"><subfield code="a">New York</subfield><subfield code="c">The Center for African Art</subfield><subfield code="d">cop. 1988</subfield></datafield><datafield ind1=" " ind2=" " tag="215"><subfield code="a">255 p.</subfield><subfield code="c">il.</subfield><subfield code="d">30 cm</subfield></datafield><datafield ind1=" " ind2="1" tag="700"><subfield code="a">Bassani</subfield><subfield code="b">Ezio</subfield><subfield code="3">122588</subfield></datafield><datafield ind1=" " ind2="1" tag="701"><subfield code="a">Fagg</subfield><subfield code="b">William B.</subfield><subfield code="4">070</subfield><subfield code="3">886874</subfield></datafield><datafield ind1=" " ind2="1" tag="702"><subfield code="a">Vogel</subfield><subfield code="b">Susan</subfield><subfield code="4">340</subfield><subfield code="3">1388579</subfield></datafield><datafield ind1=" " ind2="0" tag="801"><subfield code="a">PT</subfield><subfield code="b">BN</subfield><subfield code="g">RPC</subfield></datafield><datafield ind1=" " ind2=" " tag="977"><subfield code="1">244/07</subfield><subfield code="2">coop</subfield><subfield code="4">ANTT</subfield><subfield code="6">mq3196622</subfield><subfield code="7">bc</subfield><subfield code="8">coop</subfield><subfield code="9">ANTT</subfield><subfield code="k">0</subfield></datafield><datafield ind1=" " ind2=" " tag="977"><subfield code="1">BI 4407</subfield><subfield code="2">coop</subfield><subfield code="4">FCGBG</subfield><subfield code="6">mq2788503</subfield><subfield code="7">bc</subfield><subfield code="8">coop</subfield><subfield code="9">FCGBG</subfield><subfield code="k">0</subfield></datafield><datafield ind1=" " ind2=" " tag="977"><subfield code="1">V. 1047-G.</subfield><subfield code="2">coop</subfield><subfield code="4">UTLISE</subfield><subfield code="6">efalt292705</subfield><subfield code="7">bc</subfield><subfield code="8">coop</subfield><subfield code="9">UTLISE</subfield><subfield code="b">R. 41719</subfield><subfield code="k">0</subfield></datafield><datafield ind1=" " ind2=" " tag="998"><subfield code="a">ISE14-90</subfield></datafield></record></collection>